Appraisal Institute of Canada (Record no. 120091)

MARC details
000 -LEADER
fixed length control field 00794cam a2200193 4500
001 - CONTROL NUMBER
control field WS118817
008 - FIXED-LENGTH DATA ELEMENTS--GENERAL INFORMATION
fixed length control field 020715n 000 0 eng u
035 ## - SYSTEM CONTROL NUMBER
System control number (Sirsi) u118817
110 ## - MAIN ENTRY--CORPORATE NAME
Corporate name or jurisdiction name as entry element Appraisal Institute of Canada
9 (RLIN) 829
245 ## - TITLE STATEMENT
Title Appraisal Institute of Canada
520 ## - SUMMARY, ETC.
Summary, etc. Web site for this Canadian society of professional real estate valuers. Includes links to the Canadian Uniform Standards of Professional Appraisal Practice, details of appraisers, a list of members and a link to the Canadian Appraiser Magazine.
650 ## - SUBJECT ADDED ENTRY--TOPICAL TERM
Topical term or geographic name entry element ORGANISATION
650 ## - SUBJECT ADDED ENTRY--TOPICAL TERM
Topical term or geographic name entry element CANADA
650 ## - SUBJECT ADDED ENTRY--TOPICAL TERM
Topical term or geographic name entry element STANDARDS
650 ## - SUBJECT ADDED ENTRY--TOPICAL TERM
Topical term or geographic name entry element INTERNATIONAL
690 ## - LOCAL SUBJECT ADDED ENTRY--TOPICAL TERM (OCLC, RLIN)
Topical term or geographic name as entry element PROPERTY-PROPERTY APPRAISAL AND VALUATION
856 40 - ELECTRONIC LOCATION AND ACCESS
Uniform Resource Identifier <a href="https://www.aicanada.org">https://www.aicanada.org</a>
Public note View the website free of charge at aicanada.org...
942 ## - ADDED ENTRY ELEMENTS (KOHA)
Suppress in OPAC 0
Holdings
Withdrawn status Lost status Source of classification or shelving scheme Damaged status Not for loan Home library Current library Shelving location Date acquired Total Checkouts Full call number Barcode Date last seen Copy number Price effective from Koha item type
    Dewey Decimal Classification     Virtual Virtual Online 15/07/2002   WEB SITE 118817-2001 06/08/2019 1 06/08/2019 Online material